Studien zur Johannesapokalypse /
Die Johannesapokalypse gehört weiterhin zu den geheimnisvollsten Schriften des frühen Christentums, vielleicht der Weltliteratur überhaupt. Tobias Nicklas hat sich in den vergangenen mehr als 20 Jahren intensiv mit diesem Text auseinandergesetzt und lüftet in seinen Beiträgen zu intertextuellen Prob...
المؤلف الرئيسي:
التنسيق: كتاب الكتروني
اللغة:
English
German
منشور في:
Paderborn :
Ferdinand Schöningh, Brill Deutschland,
2024.
سلاسل:
Beyond Historicism - New Testament Studies Today ;
3.
Schöningh, Fink and mentis Religious Studies, Theology and Philosophy E-Books Online, Collection 2024.
الموضوعات:
الوصول للمادة أونلاين: Login to view Source
الوسوم: إضافة وسم
رقم الطلب: BT1103
| LEADER | 02758nam a22004938i 4500 | ||
|---|---|---|---|
| 001 | BRILL9783657791637 | ||
| 003 | nllekb | ||
| 005 | 20240715181722.0 | ||
| 006 | m d | ||
| 007 | cr un uuuua | ||
| 008 | 240309s2024 gw sb 001 0 eng d | ||
| 020 | |a 9783657791637 |q (electronic book) | ||
| 020 | |z 9783506791634 |q (print) | ||
| 024 | 7 | |a 10.30965/9783657791637 |2 DOI | |
| 035 | |z (OCoLC)1375002080 | ||
| 040 | |a NL-LeKB |c NL-LeKB |e rda | ||
| 041 | |a ger | ||
| 050 | 4 | |a BT1103 | |
| 072 | 7 | |a HRCF2 |2 bicssc | |
| 072 | 7 | |a REL |x 006100 |2 bisacsh | |
| 082 | 0 | 4 | |a 261.2968332 |2 23 |
| 100 | 1 | |a Nicklas, Tobias, |e author. | |
| 245 | 1 | 0 | |a Studien zur Johannesapokalypse / |c Nicklas, Tobias. |
| 264 | 1 | |a Paderborn : |b Ferdinand Schöningh, Brill Deutschland, |c 2024. | |
| 264 | 4 | |c ©2024 | |
| 300 | |a 1 online resource (520 pages) : |b illustrations. | ||
| 336 | |a text |b txt |2 rdacontent | ||
| 337 | |a computer |b c |2 rdamedia | ||
| 338 | |a online resource |2 rdacarrier | ||
| 490 | 1 | |a Beyond Historicism - New Testament Studies Today ; |v 3 | |
| 490 | 1 | |a Schöningh, Fink and mentis Religious Studies, Theology and Philosophy E-Books Online, Collection 2024 | |
| 504 | |a Includes bibliographical references and index. | ||
| 520 | |a Die Johannesapokalypse gehört weiterhin zu den geheimnisvollsten Schriften des frühen Christentums, vielleicht der Weltliteratur überhaupt. Tobias Nicklas hat sich in den vergangenen mehr als 20 Jahren intensiv mit diesem Text auseinandergesetzt und lüftet in seinen Beiträgen zu intertextuellen Problemen, zur Bildwelt und Theologie des Texts, aber auch seiner vielfältigen, z.T. hoch problematischen Rezeptionsgeschichte viele seiner Geheimnisse. Der vorliegende Band bietet Studien zur Johannesapokalypse, die in verschiedenen, teilweise schwer zugänglichen Kontexten veröffentlicht wurden, nun in einem neuen Gesamtüberblick. Alle Studien wurden neu durchgesehen und in einem Rückblick auf den neuesten Stand gebracht. So entsteht ein Gesamtüberblick über eine Vielzahl von Problemen der Auslegung der Johannesapokalypse. | ||
| 546 | |a German | ||
| 588 | |a Description based on print version record. | ||
| 650 | 0 | |a Christianity and culture |z Nigeria. | |
| 650 | 0 | |a Christianity and other religions |z African. | |
| 650 | 0 | |a Igbo (African people) |x Religion. | |
| 776 | 0 | 8 | |i Print version: |t Studien zur Johannesapokalypse. |d Paderborn : Ferdinand Schöningh, Brill Deutschland, 2024. |z 9783506791634 |
| 830 | 0 | |a Beyond Historicism - New Testament Studies Today ; |v 3. | |
| 830 | 0 | |a Schöningh, Fink and mentis Religious Studies, Theology and Philosophy E-Books Online, Collection 2024. | |
| 856 | 4 | |z DOI: |u http://dx.doi.org/10.30965/9783657791637 | |
| 942 | |2 lcc |c EBOOK | ||
| 999 | |c 58903 |d 58903 | ||
